000 00587cam a2200145 4500500
005 20251228093426.0
041 _afre
042 _adc
100 1 0 _aGousseff, Catherine
_eauthor
245 0 0 _aKate BROWN A Biography of no Place From Ethnic Borderland to Soviet Heartland Cambridge, MA, LondresĀ : Harvard University Press, 2003, 308p.
260 _c2005.
500 _a45
786 0 _nCahiers du monde russe | Vol 46 | 4 | 2005-11-01 | p. 859zh-990zh | 1252-6576
856 4 1 _uhttps://shs.cairn.info/revue-cahiers-du-monde-russe-2005-4-page-859zh?lang=fr&redirect-ssocas=7080
999 _c1604360
_d1604360